[Event "Kolding SonFlow Cup-A"]
[Site "Kolding"]
[Date "2025.05.03"]
[Round "2"]
[White "Korneev, Oleg"]
[Black "Olsen, Filip Boe"]
[Result "1-0"]
[WhiteElo "2470"]
[BlackElo "2471"]
[PlyCount "103"]
[EventDate "2025.05.02"]
[EventType "swiss"]
[EventRounds "5"]
[EventCountry "DEN"]
[SourceTitle "CB19_2025"]
[SourceDate "2025.05.07"]
[SourceVersion "1"]
[SourceVersionDate "2025.05.07"]
[SourceQuality "1"]

1. e4 c5 2. Nf3 d6 3. d4 cxd4 4. Nxd4 Nf6 5. Nc3 a6 6. Be3 Ng4 7. Bg5 h6 8. Bh4 g5 9. Bg3 Bg7 10. Be2 h5 11. Bxg4 Bxg4 12. f3 h4 13. Bf2 Be6 14. Qd2 Qa5 15. Nxe6 fxe6 16. Bd4 Be5 17. Ne2 Qxd2+ 18. Kxd2 Bxd4 19. Nxd4 e5 20. Nf5 Kd7 21. Ke2 e6 22. Ne3 Nc6 23. c3 b5 24. Rhd1 Rhb8 25. a4 Kc7 26. b4 Ne7 27. Rd2 a5 28. axb5 axb4 29. Rxa8 Rxa8 30. cxb4 Ng6 31. g3 Rb8 32. Nc4 Rxb5 33. Nxd6 Rxb4 34. Nf7 g4 35. Ng5 gxf3+ 36. Kxf3 Rb6 37. gxh4 Nxh4+ 38. Kg4 Ng6 39. h4 Nf4 40. h5 Rb1 41. Nf3 Rb4 42. h6 Rxe4 43. h7 Ng6+ 44. Kh5 Nh8 45. Rg2 Rf4 46. Rg8 Rxf3 47. Rxh8 Rf7 48. Kg6 Rd7 49. Ra8 Rxh7 50. Kxh7 e4 51. Ra6 Kd7 52. Kg6 1-0

[Event "Tartu Rapid op"]
[Site "Tartu"]
[Date "2025.04.24"]
[Round "3"]
[White "Iturrizaga Bonelli, Eduardo"]
[Black "Korneev, Oleg"]
[Result "1-0"]
[WhiteElo "2578"]
[BlackElo "2470"]
[PlyCount "97"]
[EventDate "2025.04.24"]
[EventType "swiss (rapid)"]
[EventRounds "11"]
[EventCountry "EST"]
[SourceTitle "CB20_2025"]
[SourceDate "2025.05.14"]
[SourceVersion "1"]
[SourceVersionDate "2025.05.14"]
[SourceQuality "1"]

1. c4 e5 2. g3 Nc6 3. Bg2 Bc5 4. Nc3 d6 5. e3 a6 6. Nf3 Nf6 7. 0-0 0-0 8. d4 exd4 9. exd4 Ba7 10. d5 Nb8 11. b3 Bg4 12. h3 Bh5 13. g4 Bg6 14. Nh4 Re8 15. Nxg6 hxg6 16. Bf4 Nbd7 17. Qd2 Nc5 18. Rfe1 Qd7 19. Kh2 Rxe1 20. Rxe1 Re8 21. Be3 a5 22. Na4 Nxa4 23. Bxa7 Nc5 24. Bxc5 dxc5 25. Qxa5 b6 26. Qd2 Qd6+ 27. Kg1 Rxe1+ 28. Qxe1 Qf4 29. a4 Kf8 30. a5 bxa5 31. Qxa5 Nd7 32. b4 cxb4 33. Qxb4+ Qd6 34. Qc3 g5 35. Bf1 f6 36. Bd3 Kf7 37. Bf5 Nc5 38. Qc2 Qf4 39. Bg6+ Ke7 40. Qe2+ Qe5 41. Qd2 Kd6 42. Qb4 Qa1+ 43. Kg2 Qa8 44. Qc3 Qd8 45. Qg3+ Ke7 46. Qe3+ Kd6 47. Qg3+ Ke7 48. Qa3 Qd6 49. Qe3+ 1-0

[Event "Tartu Estiko Blitz op 2nd"]
[Site "Tartu"]
[Date "2025.04.24"]
[Round "4"]
[White "Korneev, Oleg"]
[Black "Iturrizaga Bonelli, Eduardo"]
[Result "0-1"]
[WhiteElo "2470"]
[BlackElo "2578"]
[PlyCount "88"]
[EventDate "2025.04.24"]
[EventType "swiss (blitz)"]
[EventRounds "9"]
[EventCountry "EST"]
[SourceTitle "CB20_2025"]
[SourceDate "2025.05.14"]
[SourceVersion "1"]
[SourceVersionDate "2025.05.14"]
[SourceQuality "1"]

1. e4 c5 2. Nf3 a6 3. c3 d5 4. exd5 Qxd5 5. d4 e6 6. Be3 Nd7 7. Bd3 Ngf6 8. 0-0 Be7 9. c4 Qc6 10. Nc3 0-0 11. d5 exd5 12. Nxd5 Nxd5 13. cxd5 Qd6 14. Qd2 Nf6 15. Bc4 b5 16. Bf4 Qb6 17. d6 Rd8 18. Bb3 c4 19. Bc2 Bxd6 20. Rad1 Be7 21. Qe2 Re8 22. Be3 Qc7 23. Nd4 Bg4 24. f3 Bd7 25. Qf2 Bd6 26. g3 Be5 27. f4 Ng4 28. Qf3 Bf6 29. Bf2 Nxf2 30. Qxf2 Bg4 31. Rd2 Rad8 32. Kg2 Qd7 33. Re1 Rxe1 34. Qxe1 Bxd4 35. Qe4 g6 36. h3 Bf5 37. Qe2 Bxc2 38. Rxc2 Bf6 39. Kh2 h5 40. h4 Kg7 41. Qf3 Qd3 42. Qg2 c3 43. bxc3 Bxc3 44. Re2 Qxe2 0-1

[Event "Tartu Estiko Blitz op 2nd"]
[Site "Tartu"]
[Date "2025.04.24"]
[Round "2"]
[White "Korneev, Oleg"]
[Black "Raag, Ardi"]
[Result "1-0"]
[WhiteElo "2470"]
[BlackElo "2024"]
[PlyCount "91"]
[EventDate "2025.04.24"]
[EventType "swiss (blitz)"]
[EventRounds "9"]
[EventCountry "EST"]
[SourceTitle "CB20_2025"]
[SourceDate "2025.05.14"]
[SourceVersion "1"]
[SourceVersionDate "2025.05.14"]
[SourceQuality "1"]

1. e4 e6 2. d4 d5 3. Nd2 c5 4. exd5 exd5 5. Ngf3 Nf6 6. Bb5+ Bd7 7. Bxd7+ Nbxd7 8. 0-0 Be7 9. dxc5 Nxc5 10. Nb3 Nce4 11. Nfd4 Qd7 12. f3 Nd6 13. Nc5 Qc7 14. Nd3 0-0 15. Be3 Nc4 16. Bf2 a6 17. b3 Nb6 18. Nf5 Rfe8 19. Qd2 Bf8 20. Rfe1 Nbd7 21. Bd4 Rac8 22. c3 Nc5 23. Bxf6 gxf6 24. Nf4 Qd7 25. g4 Rxe1+ 26. Rxe1 Re8 27. Rxe8 Qxe8 28. Nxd5 Bg7 29. Nde7+ Kh8 30. Kg2 Ne6 31. Nxg7 Kxg7 32. Nf5+ Kg8 33. Qd6 Qd8 34. Qxd8+ Nxd8 35. f4 Ne6 36. Kf3 Nc5 37. Ke3 Ne6 38. Nd4 Nc7 39. Ke4 Kg7 40. Nf5+ Kg6 41. Nd6 b5 42. h4 h5 43. f5+ Kg7 44. gxh5 Na8 45. Kd5 Nc7+ 46. Kc6 1-0

[Event "Tartu Rapid op"]
[Site "Tartu"]
[Date "2025.04.24"]
[Round "7"]
[White "Rychagov, Nikita1"]
[Black "Korneev, Oleg"]
[Result "1/2-1/2"]
[WhiteElo "2231"]
[BlackElo "2470"]
[PlyCount "57"]
[EventDate "2025.04.24"]
[EventType "swiss (rapid)"]
[EventRounds "11"]
[EventCountry "EST"]
[SourceTitle "CB20_2025"]
[SourceDate "2025.05.14"]
[SourceVersion "1"]
[SourceVersionDate "2025.05.14"]
[SourceQuality "1"]

1. e4 c5 2. Nf3 e6 3. d4 cxd4 4. Nxd4 Nc6 5. Nc3 Qc7 6. Be3 a6 7. Qf3 Bd6 8. Nxc6 bxc6 9. 0-0-0 Be5 10. Bd4 Nf6 11. Bxe5 Qxe5 12. Qe3 Rb8 13. f4 Qa5 14. Bc4 0-0 15. e5 Nd5 16. Bxd5 cxd5 17. h4 Qb4 18. b3 d6 19. h5 dxe5 20. fxe5 h6 21. Rd4 Qc5 22. Rh3 Bd7 23. Rg3 Kh8 24. Rxg7 Qa3+ 25. Kb1 Kxg7 26. Rg4+ Kh7 27. Qd3+ Kh8 28. Qe3 Kh7 29. Qd3+ 1/2-1/2

[Event "Vecindario Montalvo Memorial 17th"]
[Site "Vecindario"]
[Date "2025.04.18"]
[Round "7"]
[White "Korneev, Oleg"]
[Black "Sanz Wawer, Daniel"]
[Result "1-0"]
[WhiteElo "2466"]
[BlackElo "2316"]
[PlyCount "103"]
[EventDate "2025.04.12"]
[EventType "swiss"]
[EventRounds "9"]
[EventCountry "ESP"]
[SourceTitle "CB17_2025"]
[SourceDate "2025.04.23"]
[SourceVersion "1"]
[SourceVersionDate "2025.04.23"]
[SourceQuality "1"]

1. e4 e5 2. Bc4 Nc6 3. Nf3 Bc5 4. 0-0 Nf6 5. d3 0-0 6. Nbd2 d6 7. c3 a5 8. Bb3 Ba7 9. h3 h6 10. Re1 Ne7 11. Nf1 Ng6 12. Ng3 c6 13. d4 Re8 14. Bc2 Qc7 15. Be3 Be6 16. Qd2 Rad8 17. Nf5 Bxf5 18. exf5 Nf4 19. Bxf4 exf4 20. Qxf4 Rxe1+ 21. Rxe1 Re8 22. Rxe8+ Nxe8 23. g4 Bb8 24. Qe3 Kf8 25. h4 Nf6 26. g5 Nd5 27. gxh6 Nxe3 28. h7 Nxc2 29. h8Q+ Ke7 30. Qxg7 Qd7 31. Qg5+ Kf8 32. h5 Qe7 33. f6 Qe6 34. h6 Ne1 35. Qg7+ Ke8 36. Ng5 Qd5 37. Qg8+ Kd7 38. Qxf7+ Qxf7 39. Nxf7 Nf3+ 40. Kf1 Nh4 41. h7 Ng6 42. h8Q Nxh8 43. Nxh8 Ke6 44. f7 Ke7 45. Ke2 d5 46. Kf3 Bd6 47. Kg4 Kf6 48. Kh5 Kg7 49. Ng6 Kxf7 50. Kg5 c5 51. Kf5 cxd4 52. cxd4 1-0

[Event "Staufer op 35th"]
[Site "Schwaebisch Gmuend"]
[Date "2025.01.06"]
[Round "9"]
[White "Korneev, Oleg"]
[Black "Visakh, Narayanan Rajeswari"]
[Result "1/2-1/2"]
[WhiteElo "2486"]
[BlackElo "2501"]
[PlyCount "120"]
[EventDate "2025.01.02"]
[EventType "swiss"]
[EventRounds "9"]
[EventCountry "GER"]
[SourceTitle "CB02_2025"]
[SourceDate "2025.01.08"]
[SourceVersion "1"]
[SourceVersionDate "2025.01.08"]
[SourceQuality "1"]

1. e4 c5 2. Nf3 Nc6 3. d4 cxd4 4. Nxd4 Nf6 5. Nc3 e5 6. Ndb5 d6 7. Bg5 a6 8. Na3 b5 9. Nd5 Be7 10. Bxf6 Bxf6 11. c3 0-0 12. Nc2 Rb8 13. Be2 Bg5 14. Qd3 Be6 15. Rd1 a5 16. a3 Bxd5 17. Qxd5 Qb6 18. h4 Bh6 19. b4 Rfd8 20. bxa5 Qxa5 21. Nb4 Ne7 22. Qb3 Ra8 23. c4 bxc4 24. Bxc4 Qxa3 25. Bxf7+ Kh8 26. Qxa3 Rxa3 27. 0-0 Ra4 28. Nd5 Nc6 29. Nc3 Ra7 30. Bc4 Nd4 31. Nb5 Nxb5 32. Bxb5 Rc7 33. Ba6 g6 34. Rfe1 Bg7 35. Rc1 Rxc1 36. Rxc1 Bf6 37. g3 d5 38. Rc6 Kg7 39. Rc7+ Kh8 40. Rc6 Kg7 41. Rc7+ Kh8 42. exd5 Rxd5 43. Bb7 Rd4 44. f3 Bd8 45. Rc8 Kg7 46. Be4 Rd6 47. Rb8 Rd7 48. Kg2 h5 49. Kh3 g5 50. Bc6 Rd6 51. Rb7+ Kf8 52. Be4 gxh4 53. gxh4 Rd1 54. Rh7 Rh1+ 55. Kg3 Bxh4+ 56. Kg2 Ra1 57. Rxh5 Bf6 58. Rh7 Bg7 59. Rh5 Kf7 60. Kg3 Rg1+ 1/2-1/2

[Event "Staufer op 35th"]
[Site "Schwaebisch Gmuend"]
[Date "2025.01.05"]
[Round "7"]
[White "Korneev, Oleg"]
[Black "Hasenohr, Benedict"]
[Result "1-0"]
[WhiteElo "2486"]
[BlackElo "2289"]
[PlyCount "99"]
[EventDate "2025.01.02"]
[EventType "swiss"]
[EventRounds "9"]
[EventCountry "GER"]
[SourceTitle "CB02_2025"]
[SourceDate "2025.01.08"]
[SourceVersion "1"]
[SourceVersionDate "2025.01.08"]
[SourceQuality "1"]

1. e4 e6 2. d4 d5 3. Nc3 Nf6 4. Bg5 dxe4 5. Nxe4 Be7 6. Bxf6 gxf6 7. Nf3 f5 8. Nc3 a6 9. Qe2 b5 10. 0-0-0 b4 11. Na4 Qd5 12. b3 Nd7 13. Qe3 Bb7 14. Bc4 Qe4 15. d5 Qxe3+ 16. fxe3 e5 17. Rhf1 Bc8 18. g3 Rb8 19. Rf2 Rg8 20. Bf1 Bd6 21. Nh4 Nf6 22. Bh3 Rb5 23. Bxf5 Bxf5 24. Nxf5 Rg6 25. c4 bxc3 26. Nxc3 Ba3+ 27. Kb1 Rc5 28. Rc2 Bb4 29. Na4 Rxc2 30. Kxc2 Rg5 31. d6 Kd7 32. dxc7+ Kxc7 33. Rf1 Ng4 34. e4 Rh5 35. h4 Rxf5 36. Rxf5 Ne3+ 37. Kd3 Nxf5 38. exf5 Be1 39. g4 Bxh4 40. Nc5 Be7 41. Ne4 Kc6 42. Kc4 h6 43. b4 f6 44. a4 Bd8 45. Nc5 a5 46. b5+ Kd6 47. Ne4+ Kd7 48. Kd5 Be7 49. b6 Kc8 50. Kc6 1-0

[Event "Staufer op 35th"]
[Site "Schwaebisch Gmuend"]
[Date "2025.01.03"]
[Round "4"]
[White "Gut, Lionel"]
[Black "Korneev, Oleg"]
[Result "1/2-1/2"]
[WhiteElo "2152"]
[BlackElo "2486"]
[PlyCount "128"]
[EventDate "2025.01.02"]
[EventType "swiss"]
[EventRounds "9"]
[EventCountry "GER"]
[SourceTitle "CB02_2025"]
[SourceDate "2025.01.08"]
[SourceVersion "1"]
[SourceVersionDate "2025.01.08"]
[SourceQuality "1"]

1. d4 Nf6 2. c4 e6 3. Nc3 Bb4 4. e3 0-0 5. Bd2 d5 6. Nf3 c6 7. Rc1 Nbd7 8. Bd3 dxc4 9. Bxc4 Bd6 10. 0-0 e5 11. Qc2 Qe7 12. Bd3 h6 13. Rce1 Re8 14. Ne4 Nxe4 15. Bxe4 Nf6 16. dxe5 Bxe5 17. Nxe5 Nxe4 18. Qxe4 Qxe5 19. Qxe5 Rxe5 20. Bc3 Re8 21. Rd1 Be6 22. a3 a5 23. Rd2 c5 24. Rc1 b5 25. Be5 f6 26. Bc7 c4 27. Rd6 b4 28. axb4 axb4 29. Rb6 b3 30. f3 Ra2 31. Rb1 Bf7 32. e4 Rea8 33. Rd6 Ra1 34. Rdd1 Rxb1 35. Rxb1 Ra2 36. Bb6 c3 37. Bd4 c2 38. Rc1 Ra4 39. Be3 Ra2 40. Bd4 Ra4 41. Be3 Ra8 42. Kf2 Rd8 43. Ke1 Rd3 44. Bd2 g5 45. Ra1 g4 46. fxg4 Rd4 47. Bxh6 Rxe4+ 48. Kd2 Rxg4 49. g3 Rd4+ 50. Kc3 Rd1 51. Rc1 Kh7 52. Bf4 Kg6 53. h4 Kh5 54. Kb4 Kg4 55. Kc3 Bg8 56. Kb4 Be6 57. Kc3 Bf7 58. Kb4 f5 59. Kc3 Bg8 60. Kb4 Rxc1 61. Bxc1 Kxg3 62. Kc3 f4 63. Bxf4+ Kxf4 64. Kd2 Ke4 1/2-1/2

[Event "Staufer op 35th"]
[Site "Schwaebisch Gmuend"]
[Date "2025.01.02"]
[Round "2"]
[White "Baranyai Molnar, Adam Kristof"]
[Black "Korneev, Oleg"]
[Result "1-0"]
[WhiteElo "2246"]
[BlackElo "2486"]
[PlyCount "81"]
[EventDate "2025.01.02"]
[EventType "swiss"]
[EventRounds "9"]
[EventCountry "GER"]
[SourceTitle "CB02_2025"]
[SourceDate "2025.01.08"]
[SourceVersion "1"]
[SourceVersionDate "2025.01.08"]
[SourceQuality "1"]

1. f4 d5 2. Nf3 Nf6 3. e3 Bf5 4. b3 e6 5. Bb2 Be7 6. d3 c5 7. Ne5 Nc6 8. Nxc6 bxc6 9. Be2 h6 10. Nd2 0-0 11. Nf3 Ng4 12. Qd2 Bf6 13. Bxf6 Qxf6 14. 0-0 d4 15. e4 Bh7 16. Ne1 Ne3 17. Rf2 a5 18. a4 Rfb8 19. Qc1 Qe7 20. Bf3 Kh8 21. g3 f5 22. e5 Nd5 23. h4 g5 24. hxg5 hxg5 25. fxg5 Ne3 26. Bxc6 Qxg5 27. Bxa8 Rxa8 28. Rg2 Rg8 29. Qd2 Qg4 30. Qf2 Nxg2 31. Kxg2 f4 32. Nf3 Qf5 33. Rh1 Rxg3+ 34. Kf1 Qg4 35. Ne1 Qf5 36. Qh2 Rg7 37. Nf3 Kg8 38. Kf2 Kf8 39. Qh6 Kg8 40. Rh4 Rf7 41. Rh5 1-0

[Event "Montesilvano Adriatico op 29th"]
[Site "Montesilvano"]
[Date "2024.12.22"]
[Round "5"]
[White "Giacinto, Gaudio"]
[Black "Korneev, Oleg"]
[Result "1/2-1/2"]
[WhiteElo "1914"]
[BlackElo "2473"]
[PlyCount "31"]
[EventDate "2024.12.20"]
[EventType "swiss"]
[EventRounds "5"]
[EventCountry "ITA"]
[SourceTitle "CB52_2024"]
[SourceDate "2024.12.25"]
[SourceVersion "1"]
[SourceVersionDate "2024.12.25"]
[SourceQuality "1"]

1. Nf3 c5 2. b3 Nc6 3. Bb2 d6 4. e3 e5 5. c4 g6 6. Nc3 Bg7 7. d3 Nge7 8. Be2 0-0 9. Qd2 d5 10. e4 dxe4 11. dxe4 Qxd2+ 12. Nxd2 Nd4 13. 0-0-0 Bh6 14. Kb1 Be6 15. Bd3 b6 16. f3 1/2-1/2

[Event "Montesilvano Adriatico op 29th"]
[Site "Montesilvano"]
[Date "2024.12.22"]
[Round "4"]
[White "Korneev, Oleg"]
[Black "Carnicelli, Valerio"]
[Result "1-0"]
[WhiteElo "2473"]
[BlackElo "2362"]
[PlyCount "137"]
[EventDate "2024.12.20"]
[EventType "swiss"]
[EventRounds "5"]
[EventCountry "ITA"]
[SourceTitle "CB52_2024"]
[SourceDate "2024.12.25"]
[SourceVersion "1"]
[SourceVersionDate "2024.12.25"]
[SourceQuality "1"]

1. e4 e5 2. Nf3 Nc6 3. Bb5 f5 4. Nc3 fxe4 5. Nxe4 Nf6 6. Nxf6+ Qxf6 7. 0-0 Be7 8. Bxc6 dxc6 9. Qe1 0-0 10. d3 Bd6 11. Ng5 Qg6 12. f3 c5 13. Ne4 b6 14. Bd2 a5 15. Qg3 Qxg3 16. hxg3 Be6 17. a4 c4 18. dxc4 Bxc4 19. Rfd1 Rad8 20. Bg5 Rd7 21. Rd2 Bf7 22. Rad1 Bg6 23. Nxd6 cxd6 24. Be3 Rb8 25. c4 Rc8 26. Bxb6 Rxc4 27. Bxa5 Rxa4 28. Bc3 e4 29. Rxd6 Rxd6 30. Rxd6 exf3 31. gxf3 Ra7 32. b4 Rb7 33. Kf2 Be8 34. Ke3 Kf7 35. Kd4 h5 36. f4 Ke7 37. Ra6 g6 38. Ke3 Kf7 39. Kf2 Rb5 40. Bd2 Rb7 41. Ra8 Rb5 42. Ke2 Rb7 43. Kd3 Rd7+ 44. Kc3 Rc7+ 45. Kd4 Rd7+ 46. Ke3 Re7+ 47. Kf2 Rb7 48. Bc3 Rb5 49. Ra7+ Ke6 50. Ra6+ Kf7 51. Ke3 Rb7 52. Kd4 Rd7+ 53. Kc4 Rc7+ 54. Kb3 Rd7 55. b5 Rb7 56. Rf6+ Ke7 57. b6 Rd7 58. Rc6 Rb7 59. Bb4+ Kd8 60. Rd6+ Kc8 61. Kc3 Rd7 62. Rf6 Bf7 63. Bd6 Kb7 64. Be5 Be8 65. Bd4 Rd5 66. Re6 Rd8 67. Re7+ Bd7 68. Rg7 Rc8+ 69. Kd3 1-0

[Event "Montesilvano Adriatico op 29th"]
[Site "Montesilvano"]
[Date "2024.12.21"]
[Round "2"]
[White "Martinelli, Valeria"]
[Black "Korneev, Oleg"]
[Result "0-1"]
[WhiteElo "2030"]
[BlackElo "2473"]
[PlyCount "56"]
[EventDate "2024.12.20"]
[EventType "swiss"]
[EventRounds "5"]
[EventCountry "ITA"]
[SourceTitle "CB52_2024"]
[SourceDate "2024.12.25"]
[SourceVersion "1"]
[SourceVersionDate "2024.12.25"]
[SourceQuality "1"]

1. d4 d5 2. c4 e6 3. Nf3 Nf6 4. g3 dxc4 5. Bg2 a6 6. 0-0 Nc6 7. e3 Nd5 8. e4 Nb6 9. Nc3 Be7 10. d5 Nb4 11. Ne5 exd5 12. exd5 Bf5 13. Be3 0-0 14. Bxb6 cxb6 15. a3 Nd3 16. Nxc4 b5 17. Ne3 Bg6 18. Qe2 Bd6 19. f4 Re8 20. Ncd1 Bc5 21. f5 Bxe3+ 22. Nxe3 Qb6 23. Rae1 Nxe1 24. fxg6 Qxe3+ 25. Qxe3 Rxe3 26. gxf7+ Kf8 27. Bh3 Nd3 28. b4 Re1 0-1

[Event "London Classic op 14th"]
[Site "London"]
[Date "2024.12.07"]
[Round "9"]
[White "Stefansson, Vignir Vatnar"]
[Black "Korneev, Oleg"]
[Result "1/2-1/2"]
[WhiteElo "2530"]
[BlackElo "2459"]
[PlyCount "132"]
[EventDate "2024.11.29"]
[EventType "swiss"]
[EventRounds "9"]
[EventCountry "ENG"]
[SourceTitle "CB50_2024"]
[SourceDate "2024.11.01"]
[SourceVersion "1"]
[SourceVersionDate "2024.11.01"]
[SourceQuality "2"]

1. d4 d5 2. c4 e6 3. Nc3 c6 4. e4 dxe4 5. Nxe4 c5 6. Nf3 cxd4 7. Qxd4 Bb4+ 8. Nc3 Qxd4 9. Nxd4 a6 10. Be2 Nf6 11. 0-0 Bd7 12. Be3 Nc6 13. Rac1 Nxd4 14. Bxd4 Bc6 15. a3 Bxc3 16. Bxc3 Ne4 17. Ba5 Nc5 18. Bb6 Na4 19. Bd4 0-0-0 20. Rfd1 Rd7 21. b3 Rhd8 22. Bxg7 Nc5 23. Rxd7 Rxd7 24. b4 Rd2 25. Bf1 Nb3 26. Rc3 Nd4 27. Bxd4 Rxd4 28. f3 Rd2 29. Re3 Ra2 30. Be2 Kd7 31. Kf2 Ke7 32. Rc3 f5 33. g3 e5 34. f4 Kf6 35. Ke3 Rb2 36. h3 h6 37. Rd3 Ke6 38. fxe5 Kxe5 39. Bf3 h5 40. Bxc6 bxc6 41. h4 Rc2 42. c5 Rg2 43. Kf3 Ra2 44. Re3+ Kf6 45. Kf4 Rf2+ 46. Rf3 Rd2 47. Ke3 Rd1 48. Rf2 Ke5 49. Rd2 Ra1 50. Rd3 Ra2 51. Kf3 Ra1 52. Re3+ Kf6 53. Kf4 Rf1+ 54. Rf3 Rd1 55. Rf2 Rd3 56. Rf1 a5 57. b5 cxb5 58. Rc1 Rd4+ 59. Ke3 Re4+ 60. Kf3 Ke7 61. c6 Rc4 62. Rxc4 bxc4 63. Ke3 Kd6 64. Kd4 Kxc6 65. Kxc4 a4 66. Kd4 Kd6 1/2-1/2

[Event "London Classic op 14th"]
[Site "London"]
[Date "2024.11.29"]
[Round "1"]
[White "Bradbury, Neil H"]
[Black "Korneev, Oleg"]
[Result "0-1"]
[WhiteElo "2149"]
[BlackElo "2459"]
[PlyCount "64"]
[EventDate "2024.11.29"]
[EventType "swiss"]
[EventRounds "9"]
[EventCountry "ENG"]
[SourceTitle "CB50_2024"]
[SourceDate "2024.11.01"]
[SourceVersion "1"]
[SourceVersionDate "2024.11.01"]
[SourceQuality "2"]

1. Nf3 d5 2. g3 Nf6 3. Bg2 Bf5 4. c4 c6 5. d4 e6 6. 0-0 Be7 7. Qb3 Qb6 8. c5 Qa6 9. Nc3 b6 10. cxb6 axb6 11. Nh4 Be4 12. f3 Bg6 13. Nxg6 hxg6 14. e4 b5 15. exd5 Nxd5 16. Nxd5 cxd5 17. Rd1 Qa4 18. Qd3 b4 19. b3 Qd7 20. Bb2 0-0 21. Bf1 Ra5 22. Qd2 Nc6 23. a4 bxa3 24. Bc3 Raa8 25. Bb5 Qb7 26. Ba4 Qb6 27. Kg2 Rfc8 28. Rac1 Nb4 29. Ba1 g5 30. Bc3 Rc7 31. Bxb4 Bxb4 32. Qxg5 a2 0-1

[Event "Marburg op"]
[Site "Marburg"]
[Date "2024.10.26"]
[Round "5"]
[White "Korneev, Oleg"]
[Black "Helm, Timo"]
[Result "1/2-1/2"]
[WhiteElo "2454"]
[BlackElo "2099"]
[PlyCount "77"]
[EventDate "2024.10.24"]
[EventType "swiss"]
[EventRounds "7"]
[EventCountry "GER"]
[SourceTitle "CB16_2025"]
[SourceDate "2025.04.16"]
[SourceVersion "1"]
[SourceVersionDate "2025.04.16"]
[SourceQuality "1"]

1. e4 e6 2. d4 d5 3. Nd2 c5 4. exd5 exd5 5. Bb5+ Bd7 6. Bxd7+ Nxd7 7. Ne2 Ngf6 8. 0-0 Bd6 9. dxc5 Nxc5 10. Nb3 0-0 11. Bf4 Re8 12. Bxd6 Qxd6 13. Nxc5 Qxc5 14. Nd4 Re4 15. c3 Rae8 16. Qd3 a6 17. Rad1 Qb6 18. Rd2 Qc7 19. Qg3 Qc4 20. f3 R4e5 21. a3 Nh5 22. Qh4 Nf6 23. Qf2 h6 24. Rdd1 Nd7 25. Rfe1 Rxe1+ 26. Rxe1 Rxe1+ 27. Qxe1 Qd3 28. h3 Nf6 29. Kf2 b5 30. Qc1 Qg6 31. h4 Nd7 32. Qc2 Qf6 33. g3 Ne5 34. Qe2 Nc4 35. h5 Kf8 36. f4 Qe7 37. Qg4 Nxb2 38. Qc8+ Qe8 39. Qxa6 1/2-1/2

[Event "Marburg op"]
[Site "Marburg"]
[Date "2024.10.25"]
[Round "2"]
[White "Korneev, Oleg"]
[Black "Derr, Oleg"]
[Result "1-0"]
[WhiteElo "2454"]
[BlackElo "2033"]
[PlyCount "213"]
[EventDate "2024.10.24"]
[EventType "swiss"]
[EventRounds "7"]
[EventCountry "GER"]
[SourceTitle "CB16_2025"]
[SourceDate "2025.04.16"]
[SourceVersion "1"]
[SourceVersionDate "2025.04.16"]
[SourceQuality "1"]

1. Nf3 Nf6 2. c4 c6 3. Nc3 d5 4. e3 g6 5. d4 Bg7 6. Be2 0-0 7. 0-0 Ne4 8. Qb3 Nxc3 9. bxc3 dxc4 10. Bxc4 Nd7 11. a4 Nb6 12. Be2 Be6 13. c4 c5 14. a5 cxd4 15. Nxd4 Nd7 16. Ba3 Qc7 17. Nxe6 fxe6 18. Rab1 Rab8 19. Bg4 Nc5 20. Bxc5 Qxc5 21. Qb5 Qa3 22. c5 Bc3 23. Qc4 Bf6 24. Bf3 Rfc8 25. Rfc1 Qxa5 26. Bxb7 Rc7 27. Qxe6+ Kg7 28. c6 Qa3 29. Rd1 Qa4 30. g3 a5 31. h4 Qc2 32. Rbc1 Qb2 33. Rb1 Qc2 34. e4 Rf8 35. Rbc1 Qb2 36. Rb1 Qc2 37. Qb3 Qxe4 38. Qd5 Qc2 39. Rbc1 Qb2 40. Rb1 Qc3 41. Ra1 Qc2 42. Ra2 Bb2 43. Rf1 Qc3 44. Qxa5 Qxa5 45. Rxa5 Bd4 46. Kg2 e5 47. Rd5 Bc3 48. Rfd1 Rff7 49. R1d3 Bd4 50. f4 Rfe7 51. Rd8 Bb6 52. fxe5 Rxe5 53. R8d7+ Re7 54. Bc8 Kf8 55. Rxe7 Kxe7 56. Bd7 Ra7 57. Rb3 Bc7 58. Re3+ Kf7 59. g4 Ra2+ 60. Kf1 Ra4 61. Ke2 Rb4 62. Ra3 Ke7 63. Re3+ Kf7 64. Ra3 Ke7 65. Ra7 Kd6 66. Kf3 Bb8 67. Ra3 Bc7 68. Re3 Bd8 69. Re6+ Kc7 70. h5 gxh5 71. gxh5 Bg5 72. Re8 h6 73. Rc8+ Kd6 74. Ke2 Rh4 75. Be8 Rc4 76. Kd3 Rc1 77. Ra8 Rd1+ 78. Ke4 Rc1 79. Kf5 Rf1+ 80. Kg6 Rc1 81. Ra7 Ke6 82. Ra4 Kd6 83. Rd4+ Kc7 84. Rd5 Bf4 85. Rd7+ Kc8 86. Ra7 Be3 87. Bd7+ Kd8 88. Rb7 Bg5 89. Kf5 Rf1+ 90. Ke6 Re1+ 91. Kf7 Rf1+ 92. Kg7 Rc1 93. Kg8 Rc2 94. Rb8+ Kc7 95. Rc8+ Kd6 96. Re8 Rc1 97. Re6+ Kc7 98. Be8 Rc3 99. Rg6 Re3 100. Bf7 Re5 101. Bb3 Re8+ 102. Kf7 Re7+ 103. Kf8 Re3 104. Bd5 Rc3 105. Rxg5 hxg5 106. h6 Rd3 107. Bg2 1-0

[Event "Marburg op"]
[Site "Marburg"]
[Date "2024.10.25"]
[Round "3"]
[White "Roth, Jakob"]
[Black "Korneev, Oleg"]
[Result "0-1"]
[WhiteElo "2078"]
[BlackElo "2454"]
[PlyCount "68"]
[EventDate "2024.10.24"]
[EventType "swiss"]
[EventRounds "7"]
[EventCountry "GER"]
[SourceTitle "CB16_2025"]
[SourceDate "2025.04.16"]
[SourceVersion "1"]
[SourceVersionDate "2025.04.16"]
[SourceQuality "1"]

1. d4 d5 2. c4 e6 3. Nc3 c6 4. Nf3 Nf6 5. Bg5 dxc4 6. e4 b5 7. e5 h6 8. Bh4 g5 9. Nxg5 hxg5 10. Bxg5 Nbd7 11. Qf3 Bb7 12. exf6 Qb6 13. Rd1 0-0-0 14. g3 c5 15. d5 b4 16. Na4 Qa6 17. b3 exd5 18. Bg2 Re8+ 19. Kd2 c3+ 20. Kc1 d4 21. Qxb7+ Qxb7 22. Bxb7+ Kxb7 23. h4 Re2 24. f4 Rxa2 25. Kb1 Ra3 26. Kc2 c4 27. Rxd4 cxb3+ 28. Kb1 Nb6 29. Nxb6 axb6 30. Rd8 Bc5 31. Rxh8 c2+ 32. Kc1 Be3+ 33. Kb2 Bd4+ 34. Kc1 Bc3 0-1

[Event "ESP-chT CECLUB Honor"]
[Site "Melilla"]
[Date "2024.10.14"]
[Round "3.22"]
[White "Muzychuk, Anna"]
[Black "Korneev, Oleg"]
[Result "1/2-1/2"]
[WhiteElo "2524"]
[BlackElo "2454"]
[PlyCount "61"]
[EventDate "2024.10.12"]
[EventType "team-tourn"]
[EventRounds "7"]
[EventCountry "ESP"]
[SourceTitle "CB43_2024"]
[Source "Chessbase"]
[SourceDate "2024.10.23"]
[SourceVersion "1"]
[SourceVersionDate "2024.10.23"]
[SourceQuality "1"]
[WhiteTeam "Costa Calida"]
[BlackTeam "Solvay"]
[WhiteTeamCountry "ESP"]
[BlackTeamCountry "ESP"]

1. e4 e5 2. Nf3 Nc6 3. d4 exd4 4. Nxd4 Bc5 5. Be3 Qf6 6. c3 d6 7. Qd2 Bd7 8. b4 Bb6 9. Na3 Nge7 10. Nc4 0-0 11. Be2 Qg6 12. f3 Bxd4 13. cxd4 d5 14. b5 dxc4 15. bxc6 Qxc6 16. d5 Qf6 17. Bd4 Qg6 18. Bxc4 c6 19. Bc5 cxd5 20. Bxe7 Rfe8 21. Bxd5 Rxe7 22. 0-0 Be6 23. Bxe6 Qxe6 24. Rfd1 f5 25. exf5 Qxf5 26. Re1 Rae8 27. Rxe7 Qc5+ 28. Qf2 Qxf2+ 29. Kxf2 Rxe7 30. Rc1 h6 31. Rc4 1/2-1/2